00596nam a2200181 a 4500001001300000003000900013005001700022008004100039020002300080082002100103100001300124245004300137260003500180300000900215500003500224505014200259700001300401nice12345678IN_TiNIC20260116013247.0050524s1999 dela grp 000 0 eng  a812610452X c60000a306.0899145bSIN aSingh, R aSocial Transformation of Indian Tribes aDelhibAnmol Publishers c1999 a286p aincludes index and biblioraphy2 aThe author uses Clifford Greetz`s concept of the theatre state to help analyse contemporary politics and ethinic relations in the region.1 aSingh, R